00988nam a2200265 i 450000500170000000800410001702000150005804000350007308200190010810000310012724501280015825000220028626400350030830000400034333600270038333700330041033800280044365000310047165000370050265000290053965000440056870000330061270000340064570000430067920220317000631.0160601s2000 mx a gs 000 0 und d a9684267681 aCO-BoRNBPbspacCO-BoRNBPerda04a371.9043bS15c1 aSánchez A., Pedroeautor10aCompendio de educación especialcPedro A. Sánchez Escobedo, Mary Beatriz Cantón Mayín, Dora Esperanza Sevilla Santo aPrimera edición 1aMéxicobManual Modernoc2000 a239 páginasbilustracionesc23 cm atextobtxt2rdacontent asin mediaciónbn2rdamedia avolumenbnc2rdacarrier14aEducación especial2LEMB14aTrastornos del aprendizaje2LEMB14aIncapacidad mental2LEMB14aNiños incapacitados mentalmente2LEMB1 aCantón Mayin, Mary Beatriz1 aSevilla Santo, Dora Esperanza1 aGómez López, Ma. Eugenia,eeditora